000 01616nam a2200325 a 4500
001 BRCA_2383
005 20190320203801.0
008 101108s1905----sp-#---###---#000-0#spa-u
041 _aspa
044 _asp
084 _a024
_b.T65
_c1905 F1615
100 1 _aCervantes Saavedra, Miguel de
_d1547-1616
_9213
245 1 0 _aEl Ingenioso Hidalgo Don Quixote de la Mancha
_cMiguel de Cervantes.
260 _aBarcelona
_bToledano López
_c1905
300 _a1 v. (en varias paginaciones)
_c18 cm.
440 0 _aEnciclopedia literaria
_v8
_97085
500 _aContenido : Portada facsímil de la edición príncipe 1615 con el escudo de Juan de la Cuesta. Preliminares. Texto
500 _aFacsímil de : Segunda parte del ingenioso cavallero Don Quixote de la Mancha. Madrid: Juan de la Cuesta, 1615
500 _aFacsímile de la segunda parte de le edición príncipe, publicado por Libreria Científico-Literaria Toledano López, en Barcelona, el año de 1905. Forma parte de la colección Enciclopedia litreraria, t. VIII. Ejemplar bellamente encuadernado en semipiel con letras y florones dorados en lomo y planos Lúdovik Osterc
500 _aEstado físico : Encuadernación deteriorada
500 _aExistencias : Complementa al LO-002
500 _aQM1132
650 1 4 _aNovela española
_yÉpoca clásica, 1500-1700
_9215
650 1 4 _aLiteratura española
_yÉpoca clásica, 1500-1700
_9216
650 1 4 _aNovela española
_ySiglo XVII
_9217
650 1 4 _aDon Quijote (Personaje ficticio)
_eNovela
_9218
740 0 _aEl Ingenioso Hidalgo Don Quijote de la Mancha
902 _aQFM
942 _2lcc
_cB
999 _c2124
_d2124